National Geographic

Guardado en:
Detalles Bibliográficos
Formato: Seriadas
Lenguaje:inglés
Publicado: Washington National Geographic Society 1985
Materias:
Etiquetas: Agregar Etiqueta
Sin Etiquetas, Sea el primero en etiquetar este registro!

MARC

LEADER 00000nas2a2200000 4500
001 s104976
005 20260309134953.9
041 0 |a eng 
044 |a US 
245 1 0 |a National Geographic 
264 1 |a Washington  |b National Geographic Society  |c 1985 
773 0 |w eu_un_cat*s120962 
610 2 0 |a geografia